unia europejska z mapa - Statystyki

Ogólne statystyki
  • Ten quiz został rozwiązany 23 razy
  • Średni wynik to 26 z 28
Odpowiedzi na mapie
Odpowiedzi zakodowano w zielono-czerwonej skali na mapie do tego quizu, zgodnie z poniższymi procentami.
 
Statystyki odpowiedzi
Odpowiedź % Poprawnych
Wlochy
100%
austria
95%
Belgia
95%
chorwacja
95%
czechy
95%
dania
95%
estonia
95%
Francja
95%
grecja
95%
hiszpania
95%
Holandia
95%
litwa
95%
lotwa
95%
Niemcy
95%
polska
95%
portugalia
95%
rumunia
95%
slowacja
95%
wegry
95%
bulgaria
89%
finlandia
89%
irlandia
89%
Luksemburg
89%
slowenia
89%
szwecja
89%
malta
84%
wielka brytania
68%
cypr
63%
Nie znaleziono quizów pasujących do podanych kryteriów
Rozkład punktacji
Procent ludzi z każdym wynikiem
Percentyl według liczby udzielonych odpowiedzi
Twoja historia wyników
Nie rozwiązałeś tego quizu